000
00240 a2200097 4500
001
47918
100
_a
Wilcox F O
245
_a
The United States & The United Nations
260
_a
Marylanos
_b
Johns Hopkins Press
_c
090
_c
30913
_d
30913
942
_a
NUST-CAE
_c
M
_c
23240
999
_c
282991
_d
282991